000 01794cam a22004934i 4500
003 PE-LiUPU
005 20250731184525.0
008 150616s1981 pe a rb 000 0 spa d
020 _a8449916151
020 _a9788449916151
035 _a(Sirsi) i9788449916151
040 _aPE-LiUPU
_bspa
_cPE-LiUPU
_dPE-LiUPU
_erda
049 _aPRUA
082 0 4 _a985
_bM39
_221
100 1 _aGonzáles Carre, Enrique,
_eautor.
245 1 0 _aHistoria de la educación en el Perú.
_n10 /
_cEnrique Gonzáles Carré.
264 1 _aLima :
_bEditorial Juan Mejía Baca,
_c1981.
300 _a375 páginas :
_bilustraciones ;
_c21 centímetros
336 _atext
_2rdacontent
337 _aunmediated
_2rdamedia
338 _avolume
_2rdacarrier
504 _aIncluye bibliografía.
505 0 _aHistoria de la educación en el Perú -- Introducción a la historia de la ciencia y la tecnología en el Perú -- Historia de la historia.
526 _aP136
526 _aP135
526 _aP134
526 _aP133
526 _aP144
526 _aP143
526 _aP87
526 _aP35
526 _aP20
526 _aP14
526 _aP10
526 _aP06
650 0 4 _aEducación
_xHistoria
_zPerú.
910 _ajck
_bjvq
_cjck
942 _2ddc
_cBOOK
949 _a985 M39 10
_wDEWEY
_c1
_i20626
_d2015-11-8
_e2015-11-8
_lCCODEBUL1
_mBUL
_n1
_r0
_sY
_tBOOK
_u2015-6-16
_xEDUCACION
_PP20
_0COMPRA
_o.STAFF. Colección Ciencias Humanas y Educación
994 _aC0
_bPEPRU
596 _a1
999 _a985 M39 10
_wDEWEY
_c19508
_i20626
_d19508
_e2015-11-8
_f2021-11-8
_g5
_lCCODEBUL1
_mBUL
_n1
_p18.00
_r0
_sY
_tBOOK
_u2015-6-16
_xBIBLIOTECA
_PP20
_0COMPRA
_o.STAFF. Colección Ciencias Humanas y Educación
980 _81
_gALBERTO SANCHEZ Responsable de Automatización